000 00570nam a2200193Ia 4500
005 20250508154256.0
008 008 250505s9999 xx 000 0 eng d
037 _aTextual
040 _aFEDL
_beng
_cFEDL
041 _aeng
_2eng
084 _a375, SPE
_qFEDL
100 _aSpears Harold
_991981
245 0 _aCurriculum planning through in-service programs
260 _aEnglewood Cliffs
_bPrentice-Hall
_c1957
300 _axiii,350p.
650 _aCurriculum planning - In-service
_9760844
942 _cTEXL
_h375, SPE
999 _c1349313
_d1349313